00000000nam##2200000za#4500
0019.571605
003CaOODSP
00520211126112844
007cr |||||||||||
008150406|2002||||xxc|||||o    f|0| 0 eng|d
022 |a1701-9397
040 |aCaOODSP|beng
043 |an-cn---
0861 |aFB3-2/102-24E-PDF
1102 |aBank of Canada.
24510|aFinancial structure and economic growth : |h[electronic resource]|ba non-technical survey / |cby Veronika Dolar and Césaire Meh.
260 |aOttawa - Ontario : |bBank of Canada |cSeptember 2002.
300 |a43p.|bglossary, references
4901 |aBank of Canada working paper|x1701-9397|v2002-24
500 |a"There is a large body of literature that studies the relationship between financial structure... and long-run economic growth. This paper gives a non-technical survey of that literature designed for a general audience."--Abstract.
500 |aThe ISSN (1192-5434) for the print edition has been incorrectly copied in this electronic publication.
504 |aBibliography.
546 |aRésumé en français.
590 |a11-19-Supp|b2011-09-23
69007|aEconomic development|2gcpds
69007|aEconomic indicators|2gcpds
69007|aFinancial services|2gcpds
7201 |aDolar, Veronika
7201 |aMeh, Césaire
7760#|tFinancial structure and economic growth : |w(CaOODSP)9.616087
830#0|aWorking paper (Bank of Canada)|x1701-9397|v2002-24|w(CaOODSP)9.504604
85640|ahttp://publications.gc.ca|qPDF|s198 KB|uhttps://publications.gc.ca/collections/Collection/FB3-2-102-24E.pdf|y2002-24